| 000 | 00915nam a2200253 a 4500 | ||
|---|---|---|---|
| 001 | BRCA_5713 | ||
| 005 | 20190320205205.0 | ||
| 008 | 180113s2008----mx-a######---#000-0#spa-# | ||
| 020 | _a9709145770 | ||
| 041 | _aspa | ||
| 044 | _amx | ||
| 050 | 4 |
_aNA5253 _b.M67 2008 |
|
| 100 | 1 |
_aMoreno Negrete, Sarbelio _914501 |
|
| 245 | 1 | 0 |
_aEsplendor de la arquitectura novohispana _cSarbelio Moreno Negrete. |
| 260 |
_aQuerétaro, Qro., México _b[s.n.] _c2008 |
||
| 300 |
_a311 p. _bil. a color _c30 cm. |
||
| 500 | _aColección Sonia Corcuera de Mancera | ||
| 504 | _aBibliografía: p. 311 | ||
| 505 | 0 | _aContenido: v.3. Dominicos : los templos y conventos dominicos en los estados de Morelos, México, Querétaro, Puebla, Oaxaca, Chiapas y la Ciudad de México | |
| 650 | 1 | 4 |
_aArquitectura dominicana _zMéxico _914502 |
| 650 | 1 | 4 |
_aArquitectura española colonial _zMéxico _914503 |
| 902 | _aDSC | ||
| 942 |
_2lcc _cB |
||
| 999 |
_c5403 _d5403 |
||